Taylor Swift - Fearless Original or From The Vault - Statistics

General Stats
  • This quiz has been taken 51 times
  • The average score is 10 of 12
Answer Stats
Hint Answer % Correct
You’re Not Sorry Original
100%
That’s When From The Vault
94%
Jump Then Fall Original
94%
Breathe Original
94%
Mr. Perfectly Fine From The Vault
88%
Come In With The Rain Original
88%
Don’t You From the Vault
81%
Bye Bye Baby From the Vault
81%
Tell Me Why Original
81%
Superstar Original
81%
You All Over Me From The Vault
75%
We Were Happy From The Vault
69%
No matching quizzes found
Score Distribution
Percent of People with Each Score
Percentile by Number Answered
Your Score History
You have not taken this quiz